Statistiques concernant Paroles - Évier Métal - Ultra Vomit

Cliquez ici pour prendre le quiz!

Statistiques générales

  • Ce quiz a été pris 68 fois
  • Le résultat moyen est 92 sur 116

Statistiques - réponses

Paroles% Correct
de
95%
la
95%
95%
Il
93%
il
93%
quand
93%
évier
90%
Évier
90%
met ...
90%
nuit
90%
nuit.
90%
pour
88%
toujours
88%
est
85%
et
85%
Et
85%
métal !
85%
que
85%
boire.
78%
brille
78%
désespoir.
78%
Le
78%
moi,
78%
moi.
78%
Au
76%
mon
76%
beau
73%
dans
73%
étancher
73%
milieu
73%
réveille
73%
j'me
71%
fait
68%
m'éclaire
68%
couler
66%
évacue
66%
l'eau.
66%
L'évacuation
66%
robinet
66%
sa
66%
avec
63%
j'veux
63%
Pisser
61%
dedans
59%
faire
59%
toilette.
56%
quéquette.
54%
les
51%
dents,
49%
S'brosser
44%
minuit.
34%
merde ...
24%

Distribution des résultats

Percentile par nombre de réponses

% des personnes avec chaque résultat

Votre développement - résultats

Vous n’avez pas pris ce quiz